[Event "Mlada Boleslav Region-ch U20"]
[Site "Mlada Boleslav"]
[Date "2014.06.21"]
[Round "3"]
[White "Jelinek, Oliver"]
[Black "Hovorka, Ondrej"]
[Result "0-1"]
[WhiteElo "1250"]
[BlackElo "1158"]
[PlyCount "86"]
[EventDate "2014.06.21"]
[EventType "swiss"]
[EventRounds "7"]
[EventCountry "CZE"]
[SourceTitle "EXT 2016"]
[Source "ChessBase"]
[SourceDate "2015.10.08"]
[SourceVersion "1"]
[SourceVersionDate "2015.10.08"]
[SourceQuality "1"]

1. e4 e5 2. Nf3 Nc6 3. Bb5 a6 4. Ba4 Nf6 5. Nc3 Bd6 6. d3 b6 7. Bxc6 dxc6 8. Bg5 h6 9. Bxf6 Qxf6 10. 0-0 Qg6 11. Nh4 Qg5 12. g3 Bh3 13. Nf3 Qh5 14. Re1 Bg4 15. Re3 Bc5 16. d4 exd4 17. Rd3 dxc3 18. Rxc3 0-0 19. Rd3 f5 20. exf5 Rxf5 21. Qe2 Bxf3 22. Qe1 Qh3 23. Qf1 Qxf1+ 24. Kxf1 Bd5 25. c3 Bc4 26. Rad1 Bxd3+ 27. Rxd3 Rxf2+ 28. Kg1 Rd2+ 29. Kf1 Rxd3 30. b4 Bd6 31. c4 Re8 32. c5 bxc5 33. bxc5 Bxc5 34. Kg2 Rf8 35. Kh3 Rd2 36. Kg4 Rd4+ 37. Kh3 Rf2 38. a4 Be7 39. a5 Rf5 40. g4 Rf3+ 41. Kg2 Ra3 42. h3 Rb4 43. h4 Rb2+ 0-1